Wheel throwing / (Record no. 668)

MARC details
000 -LEADER
fixed length control field 01142cam a2200277 a 4500
005 - DATE AND TIME OF LATEST TRANSACTION
control field 20260322212029.0
008 - FIXED-LENGTH DATA ELEMENTS--GENERAL INFORMATION
fixed length control field data
010 ## - LIBRARY OF CONGRESS CONTROL NUMBER
LC control number 2009014893
020 ## - INTERNATIONAL STANDARD BOOK NUMBER
International Standard Book Number 9781600592447 (hcplc with jacket : alk. paper)
020 ## - INTERNATIONAL STANDARD BOOK NUMBER
International Standard Book Number 1600592449
040 ## - CATALOGING SOURCE
Original cataloging agency DLC
Transcribing agency DLC
Modifying agency DLC
-- GO3
-- JAI
-- QBX
-- IHI
-- OCLCQ
-- DLC
050 00 - LIBRARY OF CONGRESS CALL NUMBER
Classification number TT920
Item number .R43 2010
082 00 - DEWEY DECIMAL CLASSIFICATION NUMBER
Classification number 738.1/4
Edition information 22
092 ## - LOCALLY ASSIGNED DEWEY CALL NUMBER (OCLC)
Classification number 738.1 R43 2010
001 - CONTROL NUMBER
control field data
100 1# - MAIN ENTRY--PERSONAL NAME
Personal name Reason, Emily.
245 10 - TITLE STATEMENT
Title Wheel throwing /
Statement of responsibility, etc. Emily Reason.
250 ## - EDITION STATEMENT
Edition statement 1st ed.
260 ## - PUBLICATION, DISTRIBUTION, ETC.
Place of publication, distribution, etc. New York :
Name of publisher, distributor, etc. Lark Books,
Date of publication, distribution, etc. c2010.
300 ## - PHYSICAL DESCRIPTION
Extent 128 p. :
Other physical details col. ill. ;
Dimensions 29 cm.
490 0# - SERIES STATEMENT
Series statement Ceramics for beginners
500 ## - GENERAL NOTE
General note Includes index.
505 0# - FORMATTED CONTENTS NOTE
Formatted contents note From clay to ceramics -- The studio setting -- Form: an object and an idea -- Technique: Centering -- Technique: Throwing a cylinder -- Technique: Pulling a handle -- Technique: Throwing a bowl -- Technique: Trimming -- Technique: Decorating surfaces -- Technique: Throwing off the hump -- A brief overview of firing -- Glaze fundamentals -- Technique: Applying glazes -- Technique: Handy and homemade.
650 #0 - SUBJECT ADDED ENTRY--TOPICAL TERM
Topical term or geographic name entry element Pottery craft
General subdivision Technique.
650 #0 - SUBJECT ADDED ENTRY--TOPICAL TERM
Topical term or geographic name entry element Modeling.
Holdings
Withdrawn status Lost status Damaged status Not for loan Home library Current library Shelving location Date acquired Total checkouts Full call number Barcode Date last seen Price effective from Koha item type
        Fairfield Fairfield General stacks 22/03/2026   738.1/4 22 BC0010685 22/03/2026 22/03/2026 Books